[Event "European Club Cup"]
[Site "chess24.com"]
[Date "2018.10.15"]
[Round "4"]
[White "Runarsson, Gunnar"]
[Black "Kelo, Kauko"]
[Result "1-0"]
[WhiteElo "1937"]
[BlackElo "1592"]
[Annotator ""]
[Source ""]
[Remark ""]

1.Nf3 {[%clk 1:30:24]} d6 {[%clk 1:29:56]} 2.g3 {[%clk 1:30:45]}
g6 {[%clk 1:29:25]} 3.Bg2 {[%clk 1:30:55]} Bg7 {[%clk 1:29:44]}
4.c4 {[%clk 1:30:55]} f5 {[%clk 1:28:59]} 5.d4 {[%clk 1:28:32]}
Nf6 {[%clk 1:29:01]} 6.Nc3 {[%clk 1:28:13]} O-O {[%clk 1:29:23]}
7.Qb3 {[%clk 1:27:00]} Kh8 {[%clk 1:29:49]} 8.O-O {[%clk 1:18:11]}
c6 {[%clk 1:29:48]} 9.Bf4 {[%clk 1:03:32]} Na6 {[%clk 1:24:41]}
10.Rad1 {[%clk 1:00:17]} Qe8 {[%clk 1:19:54]} 11.Qc2 {[%clk 0:48:36]}
Nh5 {[%clk 1:16:48]} 12.Bg5 {[%clk 0:41:44]} h6 {[%clk 1:16:00]}
13.Bc1 {[%clk 0:40:40]} e5 {[%clk 1:15:27]} 14.d5 {[%clk 0:39:41]}
c5 {[%clk 1:07:36]} 15.Nb5 {[%clk 0:32:46]} Qe7 {[%clk 1:04:02]}
16.b3 {[%clk 0:32:15]} Nc7 {[%clk 0:56:15]} 17.Nh4 {[%clk 0:26:33]}
Kh7 {[%clk 0:52:35]} 18.Nc3 {[%clk 0:18:55]} e4 {[%clk 0:47:08]}
19.Bh1 {[%clk 0:16:02]} g5 {[%clk 0:39:45]} 20.Ng2 {[%clk 0:16:11]}
Bd7 {[%clk 0:37:40]} 21.a4 {[%clk 0:13:38]} Be8 {[%clk 0:35:17]}
22.Bb2 {[%clk 0:13:10]} Bg6 {[%clk 0:33:35]} 23.Nb5 {[%clk 0:11:04]}
Nxb5 {[%clk 0:25:51]} 24.axb5 {[%clk 0:11:06]} e3 {[%clk 0:21:23]}
25.f4 {[%clk 0:10:12]} Nf6 {[%clk 0:18:57]} 26.Rf3 {[%clk 0:09:35]}
Qf7 {[%clk 0:12:14]} 27.Rxe3 {[%clk 0:09:23]} Ng4 {[%clk 0:11:15]}
28.Re6 {[%clk 0:08:37]} Rfe8 {[%clk 0:09:41]} 29.Rxd6 {[%clk 0:07:39]}
Bh5 {[%clk 0:05:38]} 30.Bxg7 {[%clk 0:06:18]} Kxg7 {[%clk 0:05:33]}
31.Qc3+ {[%clk 0:06:32]} Nf6 {[%clk 0:04:13]} 32.Ne3 {[%clk 0:05:57]}
Rxe3 {[%clk 0:01:35]} 33.Qxe3 {[%clk 0:06:10]} Qc7 {[%clk 0:00:54]}
34.Qe5 {[%clk 0:06:16]} Rf8 {[%clk 0:00:38]} 35.Rxf6 {[%clk 0:06:17]} 1-0

[Event "European Club Cup"]
[Site "chess24.com"]
[Date "2018.10.16"]
[Round "5"]
[White "Jakubiec, Artur"]
[Black "Sammalvuo, Tapani"]
[Result "1-0"]
[WhiteElo "2508"]
[BlackElo "2414"]
[Annotator ""]
[Source ""]
[Remark ""]

1.e4 {[%clk 1:30:27]} e5 {[%clk 1:26:31]} 2.Nf3 {[%clk 1:30:49]}
Nc6 {[%clk 1:26:54]} 3.Bc4 {[%clk 1:31:13]} Nf6 {[%clk 1:27:21]}
4.d3 {[%clk 1:31:36]} Be7 {[%clk 1:27:48]} 5.Bb3 {[%clk 1:31:55]}
O-O {[%clk 1:28:06]} 6.O-O {[%clk 1:32:21]} d5 {[%clk 1:28:30]}
7.Nbd2 {[%clk 1:32:45]} dxe4 {[%clk 1:28:54]} 8.dxe4 {[%clk 1:33:12]}
Bc5 {[%clk 1:29:16]} 9.c3 {[%clk 1:32:49]} a5 {[%clk 1:28:47]}
10.a4 {[%clk 1:32:58]} Qe7 {[%clk 1:23:33]} 11.Qc2 {[%clk 1:26:07]}
Be6 {[%clk 1:19:12]} 12.Nc4 {[%clk 1:20:51]} h6 {[%clk 1:19:06]}
13.Nh4 {[%clk 1:10:28]} Rfd8 {[%clk 1:12:27]} 14.Be3 {[%clk 0:57:38]}
Bxe3 {[%clk 0:57:45]} 15.Nxe3 {[%clk 0:55:59]} Bxb3 {[%clk 0:43:35]}
16.Qxb3 {[%clk 0:56:21]} Nxe4 {[%clk 0:43:21]} 17.Qxb7 {[%clk 0:55:53]}
Qc5 {[%clk 0:37:46]} 18.Nhf5 {[%clk 0:53:34]} Kf8 {[%clk 0:37:05]}
19.Qb5 {[%clk 0:53:01]} Rab8 {[%clk 0:30:54]} 20.Qe2 {[%clk 0:51:42]}
Nf6 {[%clk 0:27:21]} 21.Rfd1 {[%clk 0:46:33]} e4 {[%clk 0:25:20]}
22.Rxd8+ {[%clk 0:45:50]} Nxd8 {[%clk 0:25:28]} 23.Nd4 {[%clk 0:45:52]}
Qe5 {[%clk 0:18:57]} 24.Rd1 {[%clk 0:40:14]} c5 {[%clk 0:18:57]}
25.Nb5 {[%clk 0:39:11]} Nb7 {[%clk 0:14:00]} 26.h3 {[%clk 0:36:25]}
Qe6 {[%clk 0:11:56]} 27.Qc4 {[%clk 0:33:43]} Qe5 {[%clk 0:11:42]}
28.Qe2 {[%clk 0:24:03]} Qe6 {[%clk 0:10:36]} 29.Rd2 {[%clk 0:18:45]}
Rd8 {[%clk 0:09:41]} 30.Rxd8+ {[%clk 0:16:34]} Nxd8 {[%clk 0:10:10]}
31.Qd1 {[%clk 0:16:36]} Nb7 {[%clk 0:10:09]} 32.Nc7 {[%clk 0:15:54]}
Qb6 {[%clk 0:09:24]} 33.Ncd5 {[%clk 0:11:52]} Qd6 {[%clk 0:05:52]}
34.Nxf6 {[%clk 0:11:17]} Qxd1+ {[%clk 0:05:57]} 35.Nxd1 {[%clk 0:11:41]}
gxf6 {[%clk 0:06:25]} 36.Ne3 {[%clk 0:11:08]} Nd6 {[%clk 0:06:54]}
37.Kh2 {[%clk 0:07:42]} Ke7 {[%clk 0:06:55]} 38.Kg3 {[%clk 0:07:15]}
f5 {[%clk 0:07:20]} 39.Kf4 {[%clk 0:07:29]} Ke6 {[%clk 0:07:25]}
40.b3 {[%clk 0:37:13]} Kf6 {[%clk 0:37:18]} 41.b4 {[%clk 0:23:51]}
cxb4 {[%clk 0:35:56]} 42.cxb4 {[%clk 0:23:16]} axb4 {[%clk 0:36:23]}
43.Nd5+ {[%clk 0:23:38]} Ke6 {[%clk 0:36:29]} 44.Nxb4 {[%clk 0:24:01]}
Nc4 {[%clk 0:29:34]} 45.g4 {[%clk 0:12:55]} fxg4 {[%clk 0:30:01]}
46.hxg4 {[%clk 0:13:17]} Na5 {[%clk 0:28:03]} 47.Kxe4 {[%clk 0:13:26]}
Nb3 {[%clk 0:26:40]} 48.Kf4 {[%clk 0:13:13]} f5 {[%clk 0:26:16]}
49.gxf5+ {[%clk 0:13:28]} Kd6 {[%clk 0:26:45]} 50.Nd3 {[%clk 0:12:25]}
Kd5 {[%clk 0:26:11]} 51.Kg4 {[%clk 0:11:28]} Nd4 {[%clk 0:24:47]}
52.a5 {[%clk 0:10:20]} Nc6 {[%clk 0:23:44]} 53.a6 {[%clk 0:10:28]}
Ke4 {[%clk 0:23:33]} 54.f6 {[%clk 0:10:14]} Kxd3 {[%clk 0:23:53]}
55.a7 {[%clk 0:09:46]} 1-0

[Event "European Club Cup"]
[Site "chess24.com"]
[Date "2018.10.16"]
[Round "5"]
[White "Lampen, Timo"]
[Black "Boidman, Yuri"]
[Result "1/2-1/2"]
[WhiteElo "2332"]
[BlackElo "2358"]
[Annotator ""]
[Source ""]
[Remark ""]

1.e4 {[%clk 1:26:09]} c5 {[%clk 1:30:48]} 2.Nc3 {[%clk 1:26:31]}
Nc6 {[%clk 1:31:02]} 3.f4 {[%clk 1:26:50]} e6 {[%clk 1:30:41]}
4.Nf3 {[%clk 1:26:27]} d5 {[%clk 1:30:29]} 5.Qe2 {[%clk 1:25:49]}
Nf6 {[%clk 1:29:15]} 6.d3 {[%clk 1:25:47]} Be7 {[%clk 1:28:03]}
7.g3 {[%clk 1:25:20]} O-O {[%clk 1:27:56]} 8.Bg2 {[%clk 1:24:49]}
b5 {[%clk 1:26:10]} 9.O-O {[%clk 1:20:09]} b4 {[%clk 1:23:57]}
10.exd5 {[%clk 0:55:40]} exd5 {[%clk 1:21:55]} 11.Nd1 {[%clk 0:55:24]}
Re8 {[%clk 1:20:42]} 12.Qd2 {[%clk 0:50:23]} Qb6 {[%clk 1:14:28]}
13.h3 {[%clk 0:43:02]} c4+ {[%clk 1:10:57]} 14.Kh2 {[%clk 0:43:18]}
Ba6 {[%clk 1:05:23]} 15.Ne5 {[%clk 0:37:56]} cxd3 {[%clk 0:59:19]}
16.cxd3 {[%clk 0:36:00]} Bc5 {[%clk 0:56:33]} 17.Ne3 {[%clk 0:28:35]}
Bxe3 {[%clk 0:50:36]} 18.Qxe3 {[%clk 0:28:52]} Qxe3 {[%clk 0:50:23]}
19.Bxe3 {[%clk 0:29:15]} Nxe5 {[%clk 0:50:42]} 20.fxe5 {[%clk 0:27:57]}
Rxe5 {[%clk 0:51:03]} 21.Bd4 {[%clk 0:23:48]} Re2 {[%clk 0:50:38]}
22.Rae1 {[%clk 0:14:01]} Rae8 {[%clk 0:46:01]} 23.Rxe2 {[%clk 0:14:11]}
Rxe2 {[%clk 0:46:23]} 24.Rf2 {[%clk 0:14:24]} Re7 {[%clk 0:39:59]}
25.Rd2 {[%clk 0:14:08]} Rd7 {[%clk 0:29:43]} 26.g4 {[%clk 0:12:10]}
h6 {[%clk 0:28:16]} 27.Bc5 {[%clk 0:12:30]} Rb7 {[%clk 0:28:01]}
28.Bd4 {[%clk 0:11:37]} b3 {[%clk 0:26:11]} 29.axb3 {[%clk 0:10:40]}
Rxb3 {[%clk 0:26:06]} 30.Bxa7 {[%clk 0:07:44]} Bxd3 {[%clk 0:26:11]}
31.Bd4 {[%clk 0:08:10]} Be4 {[%clk 0:25:12]} 32.Bxf6 {[%clk 0:07:49]}
gxf6 {[%clk 0:25:21]} 33.Bxe4 {[%clk 0:07:56]} dxe4 {[%clk 0:25:49]}
34.Re2 {[%clk 0:08:25]} Kg7 {[%clk 0:25:17]} 35.Rxe4 {[%clk 0:08:42]}
Rxb2+ {[%clk 0:25:42]} 36.Kg3 {[%clk 0:09:04]} Rb3+ {[%clk 0:25:34]}
37.Kh4 {[%clk 0:08:20]} Kg6 {[%clk 0:22:44]} 38.Rf4 {[%clk 0:07:33]}
Rb5 {[%clk 0:22:20]} 39.Rc4 {[%clk 0:04:53]} f5 {[%clk 0:21:36]}
40.Rc6+ {[%clk 0:34:57]} f6 {[%clk 0:51:37]} 41.Rc4 {[%clk 0:34:57]}
Re5 {[%clk 0:49:48]} 42.Rf4 {[%clk 0:34:26]} fxg4 {[%clk 0:49:06]}
43.hxg4 {[%clk 0:34:44]} Re1 {[%clk 0:48:34]} 44.Ra4 {[%clk 0:34:51]}
Re5 {[%clk 0:47:39]} 45.Rb4 {[%clk 0:34:07]} h5 {[%clk 0:41:04]} 1/2-1/2

[Event "European Club Cup"]
[Site "chess24.com"]
[Date "2018.10.16"]
[Round "5"]
[White "Hautot, Stephane"]
[Black "Nyysti, Sampsa"]
[Result "1/2-1/2"]
[WhiteElo "2331"]
[BlackElo "2299"]
[Annotator ""]
[Source ""]
[Remark ""]

1.d4 {[%clk 1:30:55]} Nf6 {[%clk 1:25:56]} 2.Nf3 {[%clk 1:31:13]}
e6 {[%clk 1:26:21]} 3.g3 {[%clk 1:31:23]} b5 {[%clk 1:26:33]}
4.Bg2 {[%clk 1:31:28]} Bb7 {[%clk 1:26:57]} 5.O-O {[%clk 1:31:51]}
c5 {[%clk 1:27:08]} 6.a4 {[%clk 1:16:24]} b4 {[%clk 1:26:51]}
7.c4 {[%clk 1:16:43]} cxd4 {[%clk 1:26:42]} 8.Nbd2 {[%clk 1:10:17]}
Be7 {[%clk 1:23:55]} 9.Nb3 {[%clk 1:10:10]} Na6 {[%clk 1:18:38]}
10.Qxd4 {[%clk 1:07:45]} O-O {[%clk 1:13:13]} 11.Rd1 {[%clk 1:06:23]}
d6 {[%clk 1:10:22]} 12.h3 {[%clk 1:02:05]} Qc7 {[%clk 1:09:44]}
13.Be3 {[%clk 1:01:53]} Ne4 {[%clk 1:09:02]} 14.Qd3 {[%clk 1:00:18]}
Nac5 {[%clk 0:46:41]} 15.Qc2 {[%clk 0:53:50]} Rab8 {[%clk 0:38:24]}
16.Nfd4 {[%clk 0:49:35]} a6 {[%clk 0:36:21]} 17.Nxc5 {[%clk 0:41:28]}
Nxc5 {[%clk 0:36:39]} 18.b3 {[%clk 0:38:11]} Bxg2 {[%clk 0:35:43]}
19.Kxg2 {[%clk 0:38:36]} Rfc8 {[%clk 0:34:56]} 20.Nf3 {[%clk 0:37:37]}
Qb7 {[%clk 0:33:14]} 21.Bxc5 {[%clk 0:31:17]} Rxc5 {[%clk 0:33:33]}
22.Qd2 {[%clk 0:29:40]} Rd8 {[%clk 0:32:08]} 23.Rac1 {[%clk 0:28:31]}
Bf6 {[%clk 0:28:58]} 24.Qe3 {[%clk 0:24:45]} Rcc8 {[%clk 0:23:57]}
25.Rd3 {[%clk 0:23:07]} g6 {[%clk 0:20:53]} 26.Rcd1 {[%clk 0:22:28]}
d5 {[%clk 0:20:36]} 27.cxd5 {[%clk 0:21:58]} Rxd5 {[%clk 0:19:49]}
28.Rxd5 {[%clk 0:17:38]} exd5 {[%clk 0:20:17]} 29.Qf4 {[%clk 0:17:07]}
Kg7 {[%clk 0:19:42]} 30.g4 {[%clk 0:16:58]} h6 {[%clk 0:17:24]}
31.h4 {[%clk 0:17:08]} Re8 {[%clk 0:17:04]} 32.g5 {[%clk 0:15:30]}
hxg5 {[%clk 0:17:19]} 33.hxg5 {[%clk 0:15:53]} Bc3 {[%clk 0:17:31]}
34.Nd4 {[%clk 0:12:39]} Qe7 {[%clk 0:16:00]} 35.e3 {[%clk 0:11:52]}
Rh8 {[%clk 0:10:15]} 36.Rh1 {[%clk 0:09:38]} Rxh1 {[%clk 0:07:45]}
37.Kxh1 {[%clk 0:10:06]} Qc5 {[%clk 0:03:36]} 38.Qf6+ {[%clk 0:07:17]}
Kg8 {[%clk 0:04:05]} 39.Qd8+ {[%clk 0:06:36]} Kg7 {[%clk 0:04:24]}
40.Qf6+ {[%clk 0:36:58]} Kg8 {[%clk 0:34:50]} 41.Kg2 {[%clk 0:35:16]}
Bxd4 {[%clk 0:29:06]} 42.Qxd4 {[%clk 0:28:04]} Qxd4 {[%clk 0:29:17]}
43.exd4 {[%clk 0:28:29]} 1/2-1/2

[Event "European Club Cup"]
[Site "chess24.com"]
[Date "2018.10.16"]
[Round "5"]
[White "Mansner, Harry"]
[Black "Gengler, Pierre"]
[Result "1-0"]
[WhiteElo "2278"]
[BlackElo "2205"]
[Annotator ""]
[Source ""]
[Remark ""]

1.d4 {[%clk 1:25:45]} Nf6 {[%clk 1:30:55]} 2.c4 {[%clk 1:26:10]}
e6 {[%clk 1:31:17]} 3.Nf3 {[%clk 1:26:32]} d5 {[%clk 1:31:44]}
4.g3 {[%clk 1:26:53]} Be7 {[%clk 1:31:05]} 5.Bg2 {[%clk 1:27:17]}
O-O {[%clk 1:31:32]} 6.O-O {[%clk 1:27:29]} c6 {[%clk 1:30:07]}
7.Qc2 {[%clk 1:27:43]} b6 {[%clk 1:28:05]} 8.Nbd2 {[%clk 1:27:54]}
Bb7 {[%clk 1:27:52]} 9.e4 {[%clk 1:28:08]} dxe4 {[%clk 1:28:00]}
10.Nxe4 {[%clk 1:28:23]} Nbd7 {[%clk 1:27:59]} 11.Rd1 {[%clk 1:28:18]}
Qc8 {[%clk 1:20:45]} 12.Nxf6+ {[%clk 1:21:33]} Nxf6 {[%clk 1:20:28]}
13.c5 {[%clk 1:21:55]} Rd8 {[%clk 1:16:56]} 14.Bd2 {[%clk 1:17:19]}
Nd5 {[%clk 1:07:20]} 15.Ne5 {[%clk 1:12:58]} Bf6 {[%clk 1:04:42]}
16.Be4 {[%clk 1:08:48]} g6 {[%clk 1:01:46]} 17.b4 {[%clk 0:57:49]}
Qc7 {[%clk 0:47:44]} 18.Nf3 {[%clk 0:55:05]} Qe7 {[%clk 0:44:59]}
19.h4 {[%clk 0:50:08]} Ba6 {[%clk 0:36:00]} 20.Be1 {[%clk 0:47:43]}
Bg7 {[%clk 0:30:29]} 21.Ne5 {[%clk 0:40:20]} Rac8 {[%clk 0:28:06]}
22.a4 {[%clk 0:39:41]} f6 {[%clk 0:25:30]} 23.Nc4 {[%clk 0:35:44]}
Bxc4 {[%clk 0:25:37]} 24.Qxc4 {[%clk 0:36:08]} f5 {[%clk 0:21:31]}
25.Bg2 {[%clk 0:34:07]} bxc5 {[%clk 0:19:58]} 26.bxc5 {[%clk 0:34:18]}
Rb8 {[%clk 0:18:59]} 27.Ba5 {[%clk 0:33:03]} Rd7 {[%clk 0:19:18]}
28.Re1 {[%clk 0:23:49]} Qf6 {[%clk 0:19:05]} 29.Rad1 {[%clk 0:24:05]}
Rdb7 {[%clk 0:18:41]} 30.Qa6 {[%clk 0:22:47]} Ne7 {[%clk 0:08:49]}
31.Bxc6 {[%clk 0:18:16]} Nxc6 {[%clk 0:09:10]} 32.Qxc6 {[%clk 0:18:40]}
Re7 {[%clk 0:07:39]} 33.Qd6 {[%clk 0:18:58]} Ree8 {[%clk 0:07:34]}
34.c6 {[%clk 0:18:53]} Bf8 {[%clk 0:07:21]} 35.Qe5 {[%clk 0:15:55]}
Qf7 {[%clk 0:04:24]} 36.Rb1 {[%clk 0:15:48]} Rxb1 {[%clk 0:04:07]}
37.Rxb1 {[%clk 0:16:11]} Bg7 {[%clk 0:04:34]} 38.Qd6 {[%clk 0:15:31]}
Bf8 {[%clk 0:03:54]} 39.Qd7 {[%clk 0:14:59]} Re7 {[%clk 0:03:57]}
40.Qxe7 {[%clk 0:42:57]} Qxe7 {[%clk 0:31:09]} 41.c7 {[%clk 0:43:20]}
Qd7 {[%clk 0:27:16]} 42.Rb8 {[%clk 0:43:40]} 1-0

[Event "European Club Cup"]
[Site "chess24.com"]
[Date "2018.10.16"]
[Round "5"]
[White "Jakubiec, Edyta"]
[Black "Verkasalo, Tommi"]
[Result "1/2-1/2"]
[WhiteElo "2174"]
[BlackElo "2195"]
[Annotator ""]
[Source ""]
[Remark ""]

1.e4 {[%clk 1:30:30]} d6 {[%clk 1:26:01]} 2.d4 {[%clk 1:29:20]}
Nf6 {[%clk 1:26:25]} 3.Nc3 {[%clk 1:28:50]} g6 {[%clk 1:26:49]}
4.f4 {[%clk 1:28:47]} Bg7 {[%clk 1:27:09]} 5.Nf3 {[%clk 1:28:40]}
O-O {[%clk 1:27:31]} 6.Bd3 {[%clk 1:28:46]} Na6 {[%clk 1:27:50]}
7.O-O {[%clk 1:28:16]} c5 {[%clk 1:28:14]} 8.d5 {[%clk 1:27:32]}
Bg4 {[%clk 1:28:34]} 9.h3 {[%clk 1:15:53]} Bxf3 {[%clk 1:28:28]}
10.Qxf3 {[%clk 1:15:25]} Nb4 {[%clk 1:28:41]} 11.a3 {[%clk 1:15:08]}
Nxd3 {[%clk 1:23:15]} 12.Qxd3 {[%clk 1:15:10]} a6 {[%clk 1:22:06]}
13.a4 {[%clk 1:10:03]} Rc8 {[%clk 1:18:30]} 14.Qc4 {[%clk 0:56:09]}
Qa5 {[%clk 0:58:29]} 15.Bd2 {[%clk 0:49:30]} Qb4 {[%clk 0:55:57]}
16.Qe2 {[%clk 0:46:40]} c4 {[%clk 0:51:13]} 17.Nb5 {[%clk 0:39:24]}
Qc5+ {[%clk 0:36:19]} 18.Be3 {[%clk 0:39:44]} Qb4 {[%clk 0:36:35]}
19.Bd2 {[%clk 0:39:46]} Qc5+ {[%clk 0:35:24]} 20.Be3 {[%clk 0:40:06]}
Qb4 {[%clk 0:35:51]} 1/2-1/2

[Event "European Club Cup"]
[Site "chess24.com"]
[Date "2018.10.16"]
[Round "5"]
[White "Papula, Niko"]
[Black "Zilles, Paul"]
[Result "1/2-1/2"]
[WhiteElo "1914"]
[BlackElo "1771"]
[Annotator ""]
[Source ""]
[Remark ""]

1.c4 {[%clk 1:25:35]} e5 {[%clk 1:30:50]} 2.Nc3 {[%clk 1:25:56]}
Nf6 {[%clk 1:31:08]} 3.g3 {[%clk 1:25:43]} c6 {[%clk 1:31:19]}
4.d4 {[%clk 1:24:33]} exd4 {[%clk 1:30:16]} 5.Qxd4 {[%clk 1:23:46]}
d5 {[%clk 1:29:55]} 6.cxd5 {[%clk 1:21:45]} cxd5 {[%clk 1:27:47]}
7.Bg2 {[%clk 1:10:49]} Nc6 {[%clk 1:27:56]} 8.Qa4 {[%clk 1:05:24]}
Be6 {[%clk 1:25:23]} 9.Nf3 {[%clk 1:02:21]} Bc5 {[%clk 1:19:56]}
10.O-O {[%clk 0:57:12]} O-O {[%clk 1:18:10]} 11.Rd1 {[%clk 0:53:23]}
Qb6 {[%clk 1:13:25]} 12.e3 {[%clk 0:51:01]} Rfd8 {[%clk 1:07:23]}
13.Nd4 {[%clk 0:43:37]} Bg4 {[%clk 0:56:36]} 14.f3 {[%clk 0:36:31]}
Bd7 {[%clk 0:53:16]} 15.Qb5 {[%clk 0:30:25]} Nxd4 {[%clk 0:44:59]}
16.Qxb6 {[%clk 0:30:39]} Nxf3+ {[%clk 0:42:34]} 17.Bxf3 {[%clk 0:31:00]}
Bxb6 {[%clk 0:42:43]} 18.Nxd5 {[%clk 0:28:10]} Nxd5 {[%clk 0:41:35]}
19.Rxd5 {[%clk 0:25:50]} Bc6 {[%clk 0:39:52]} 20.Rxd8+ {[%clk 0:25:19]}
Rxd8 {[%clk 0:40:10]} 21.Be2 {[%clk 0:24:41]} g5 {[%clk 0:34:28]}
22.g4 {[%clk 0:22:59]} Be4 {[%clk 0:32:15]} 23.b3 {[%clk 0:14:36]}
h5 {[%clk 0:27:31]} 24.h3 {[%clk 0:14:19]} hxg4 {[%clk 0:25:03]}
25.hxg4 {[%clk 0:14:44]} f5 {[%clk 0:23:57]} 26.gxf5 {[%clk 0:14:15]}
Bxf5 {[%clk 0:22:37]} 27.a4 {[%clk 0:14:05]} a5 {[%clk 0:21:30]}
28.Ra2 {[%clk 0:12:58]} Be4 {[%clk 0:20:34]} 29.Kf2 {[%clk 0:11:43]}
Kh7 {[%clk 0:18:54]} 30.Rd2 {[%clk 0:08:41]} Kg6 {[%clk 0:13:44]} 1/2-1/2

[Event "European Club Cup"]
[Site "chess24.com"]
[Date "2018.10.16"]
[Round "5"]
[White "Heinzel, Olaf"]
[Black "Virtanen, Antti"]
[Result "1/2-1/2"]
[WhiteElo "2331"]
[BlackElo "2262"]
[Annotator ""]
[Source ""]
[Remark ""]

1.d4 {[%clk 1:30:57]} Nf6 {[%clk 1:30:54]} 2.Bg5 {[%clk 1:31:01]}
d5 {[%clk 1:29:58]} 3.e3 {[%clk 1:30:52]} c5 {[%clk 1:26:47]}
4.Bxf6 {[%clk 1:30:16]} gxf6 {[%clk 1:27:10]} 5.dxc5 {[%clk 1:29:28]}
e6 {[%clk 1:26:38]} 6.Nc3 {[%clk 1:13:10]} Bxc5 {[%clk 1:26:33]}
7.Bd3 {[%clk 1:12:57]} Nc6 {[%clk 1:14:09]} 8.Nge2 {[%clk 1:11:38]}
f5 {[%clk 1:08:09]} 9.Qd2 {[%clk 0:53:10]} Bd7 {[%clk 1:07:36]}
10.a3 {[%clk 0:51:14]} Qf6 {[%clk 1:06:04]} 11.O-O {[%clk 0:44:29]}
Rg8 {[%clk 1:04:14]} 12.b4 {[%clk 0:38:53]} Bd6 {[%clk 1:01:54]}
13.f4 {[%clk 0:37:33]} Rc8 {[%clk 0:56:27]} 14.Nb5 {[%clk 0:33:17]}
Bb8 {[%clk 0:50:41]} 15.Nbd4 {[%clk 0:28:20]} h5 {[%clk 0:45:53]}
16.Rac1 {[%clk 0:27:06]} Rg4 {[%clk 0:37:28]} 17.c3 {[%clk 0:26:34]}
Ke7 {[%clk 0:36:21]} 18.Rf2 {[%clk 0:25:33]} Rcg8 {[%clk 0:36:28]}
19.Nxc6+ {[%clk 0:24:25]} bxc6 {[%clk 0:35:11]} 20.c4 {[%clk 0:23:40]}
Qg7 {[%clk 0:31:52]} 21.Nd4 {[%clk 0:20:26]} Bxf4 {[%clk 0:28:15]}
22.Nxf5+ {[%clk 0:20:34]} exf5 {[%clk 0:28:39]} 23.exf4 {[%clk 0:20:52]}
Qd4 {[%clk 0:27:24]} 24.Kh1 {[%clk 0:20:48]} Be6 {[%clk 0:26:28]}
25.c5 {[%clk 0:19:09]} h4 {[%clk 0:25:10]} 26.Re1 {[%clk 0:12:02]}
Kf6 {[%clk 0:21:07]} 27.Qe3 {[%clk 0:11:13]} Qxe3 {[%clk 0:21:25]}
28.Rxe3 {[%clk 0:11:41]} d4 {[%clk 0:15:53]} 29.Re5 {[%clk 0:11:24]}
h3 {[%clk 0:15:37]} 30.g3 {[%clk 0:11:25]} Bd5+ {[%clk 0:15:57]}
31.Kg1 {[%clk 0:11:50]} Rxg3+ {[%clk 0:16:20]} 32.hxg3 {[%clk 0:11:48]}
Rxg3+ {[%clk 0:16:45]} 33.Kh2 {[%clk 0:11:26]} Rxd3 {[%clk 0:17:10]}
34.b5 {[%clk 0:08:58]} Rxa3 {[%clk 0:14:30]} 35.Rd2 {[%clk 0:09:06]}
d3 {[%clk 0:11:41]} 36.Re3 {[%clk 0:04:59]} Be4 {[%clk 0:11:31]}
37.bxc6 {[%clk 0:05:26]} Rc3 {[%clk 0:11:38]} 38.Rexd3 {[%clk 0:05:38]}
Bxd3 {[%clk 0:11:57]} 39.Rxd3 {[%clk 0:05:45]} Rxc5 {[%clk 0:11:45]}
40.Rd6+ {[%clk 0:33:59]} Ke7 {[%clk 0:41:26]} 41.Rd7+ {[%clk 0:34:11]}
 1/2-1/2

[Event "European Club Cup"]
[Site "chess24.com"]
[Date "2018.10.16"]
[Round "5"]
[White "Pulkkinen, Kari"]
[Black "Buhr, Carl Christian, Dr."]
[Result "0-1"]
[WhiteElo "2239"]
[BlackElo "2342"]
[Annotator ""]
[Source ""]
[Remark ""]

1.e4 {[%clk 1:30:56]} c5 {[%clk 1:30:56]} 2.Nf3 {[%clk 1:31:16]}
d6 {[%clk 1:31:22]} 3.d4 {[%clk 1:31:31]} cxd4 {[%clk 1:31:47]}
4.Nxd4 {[%clk 1:31:56]} Nf6 {[%clk 1:32:12]} 5.Nc3 {[%clk 1:32:18]}
a6 {[%clk 1:32:37]} 6.h3 {[%clk 1:32:12]} e6 {[%clk 1:30:36]}
7.g4 {[%clk 1:31:58]} b5 {[%clk 1:29:54]} 8.Bg2 {[%clk 1:29:43]}
Bb7 {[%clk 1:29:06]} 9.O-O {[%clk 1:28:28]} b4 {[%clk 1:14:41]}
10.Na4 {[%clk 1:26:04]} Nxe4 {[%clk 1:04:11]} 11.Re1 {[%clk 1:21:26]}
d5 {[%clk 1:03:15]} 12.c4 {[%clk 1:19:24]} bxc3 {[%clk 0:47:41]}
13.bxc3 {[%clk 1:15:57]} Nd7 {[%clk 0:44:53]} 14.Rb1 {[%clk 1:12:19]}
Rb8 {[%clk 0:38:55]} 15.f3 {[%clk 1:05:09]} Nec5 {[%clk 0:32:07]}
16.Bf4 {[%clk 1:01:14]} Rc8 {[%clk 0:32:16]} 17.Nf5 {[%clk 0:36:44]}
Bc6 {[%clk 0:28:13]} 18.Nb2 {[%clk 0:32:04]} Ba8 {[%clk 0:18:42]}
19.Qd4 {[%clk 0:27:22]} f6 {[%clk 0:18:51]} 20.Nd6+ {[%clk 0:23:21]}
Bxd6 {[%clk 0:16:53]} 21.Bxd6 {[%clk 0:23:45]} e5 {[%clk 0:17:11]}
22.f4 {[%clk 0:20:16]} Ne6 {[%clk 0:17:31]} 23.Qf2 {[%clk 0:16:45]}
Nxf4 {[%clk 0:17:41]} 24.Bxe5 {[%clk 0:16:16]} Nxh3+ {[%clk 0:16:34]}
25.Bxh3 {[%clk 0:16:29]} Nxe5 {[%clk 0:16:44]} 26.g5 {[%clk 0:12:28]}
Rxc3 {[%clk 0:15:00]} 27.gxf6 {[%clk 0:11:38]} gxf6 {[%clk 0:14:50]}
28.Be6 {[%clk 0:11:11]} Ke7 {[%clk 0:14:07]} 29.Rxe5 {[%clk 0:08:54]}
fxe5 {[%clk 0:14:30]} 30.Na4 {[%clk 0:09:00]} Kxe6 {[%clk 0:13:39]}
31.Nxc3 {[%clk 0:09:19]} Rg8+ {[%clk 0:11:30]} 32.Kh2 {[%clk 0:09:37]}
d4 {[%clk 0:11:43]} 0-1